[Event "VI Festival A"]
[Site "Trieste ITA"]
[Date "2004.09.08"]
[Round "5"]
[White "Jurkovic, Hrvoje"]
[Black "Toth, Andras"]
[Result "1-0"]
[WhiteElo "2432"]
[BlackElo "2082"]
[PlyCount "109"]
[EventDate "2004.09.04"]

1. e4 c5 2. c3 Nf6 3. e5 Nd5 4. d4 cxd4 5. Nf3 e6 6. cxd4 d6 7. Bc4 Nc6 8. O-O
Be7 9. Qe2 O-O 10. Qe4 Ndb4 11. exd6 Qxd6 12. Bf4 Qd7 13. Nc3 Rd8 14. Rad1 Nd5
15. Ne5 Nxe5 16. dxe5 Nxc3 17. Rxd7 Nxe4 18. Rxe7 Bd7 19. f3 Nc5 20. Be3 Na4
21. Rxd7 Rxd7 22. Bb5 Nb6 23. Bxd7 Nxd7 24. f4 Nb6 25. Bxb6 axb6 26. a3 Rc8 27.
Rd1 h5 28. Rd2 Rc4 29. g3 g5 30. fxg5 Re4 31. g6 Rxe5 32. gxf7+ Kxf7 33. Rd7+
Kf6 34. Rxb7 b5 35. Kf2 Kg5 36. h4+ Kf6 37. Kf3 Rf5+ 38. Ke4 Rd5 39. Ke3 Kg6
40. Rb8 Kg7 41. Rc8 Kf7 42. b4 Kf6 43. Rc5 Ke5 44. Kf3 Kf5 45. g4+ hxg4+ 46.
Kg3 Ke4 47. Kxg4 Rd1 48. Kg5 e5 49. Rxb5 Rg1+ 50. Kf6 Rf1+ 51. Ke6 Rf5 52. Rc5
Rh5 53. b5 Rh6+ 54. Kd7 Kd4 55. Rc1 1-0

[Event "VI Festival A"]
[Site "Trieste ITA"]
[Date "2004.09.08"]
[Round "5"]
[White "Oblak, Mitja"]
[Black "Costariol, Elena"]
[Result "1-0"]
[WhiteElo "1556"]
[BlackElo "1554"]
[PlyCount "91"]
[EventDate "2004.09.04"]

1. e4 c5 2. Nf3 d6 3. d4 cxd4 4. Nxd4 Nf6 5. Nc3 a6 6. Be3 e6 7. g4 h6 8. h4
Be7 9. Be2 b5 10. Qd3 Bb7 11. Rg1 Nbd7 12. g5 hxg5 13. hxg5 Nc5 14. Qd1 Nfxe4
15. Nxe4 Nxe4 16. g6 Bf6 17. gxf7+ Kxf7 18. c3 Qc7 19. Bg4 Qc4 20. Bxe6+ Qxe6
21. Nxe6 Kxe6 22. Bd4 Bxd4 23. Qxd4 g5 24. O-O-O Rad8 25. Rde1 Kd7 26. Rxe4
Bxe4 27. Qxe4 Rhf8 28. Qb7+ Ke6 29. Re1+ Kf5 30. Qxa6 Kg6 31. Qxb5 Rxf2 32.
Qd3+ Kg7 33. Qd4+ Rf6 34. Re6 Rdf8 35. Rxd6 R8f7 36. a4 Kg6 37. Rxf6+ Rxf6 38.
a5 Rf1+ 39. Kc2 Rf7 40. a6 Re7 41. Qd6+ Re6 42. Qxe6+ Kh5 43. a7 g4 44. a8=Q
Kh4 45. Qh1+ Kg3 46. Qe3# 1-0

[Event "VI Festival A"]
[Site "Trieste ITA"]
[Date "2004.09.08"]
[Round "5"]
[White "Padovani, Alessio"]
[Black "Tonel, Giulia"]
[Result "0-1"]
[WhiteElo "1912"]
[BlackElo "1670"]
[PlyCount "120"]
[EventDate "2004.09.04"]

1. c4 e5 2. g3 g6 3. Bg2 Bg7 4. Nc3 f5 5. d3 Nf6 6. Nf3 Nc6 7. Bg5 d6 8. Qc1
Be6 9. b4 h6 10. Bd2 Qd7 11. b5 Ne7 12. Rb1 g5 13. a4 O-O 14. Nxg5 hxg5 15.
Bxg5 d5 16. c5 Rad8 17. Na2 d4 18. Nb4 c6 19. h4 Rf7 20. Rb2 Nfd5 21. Nxd5 Bxd5
22. f3 Qe6 23. Bh3 Qg6 24. Kf2 Bf6 25. Bxf6 Qxf6 26. Rg1 Rg7 27. f4 Ng6 28. h5
Nxf4 29. Qf1 Nxh5 30. Ke1 Nxg3 31. Qf2 Qg5 32. Rb1 Bf7 33. bxc6 bxc6 34. Bg2 e4
35. Kd1 exd3 36. exd3 Bh5+ 37. Kc2 Qe3 38. Qxe3 dxe3 39. Bxc6 f4 40. Rbe1 Rc8
41. Bd5+ Kf8 42. d4 Rd8 43. Bg2 Rxd4 44. c6 Rxa4 45. Kb3 Rd4 46. Kc3 Rd2 47.
Kb4 Rc7 48. Kc3 a5 49. Kb3 Rd3+ 50. Kc4 Ra3 51. Kc5 f3 52. Bxf3 Bxf3 53. Rxg3
Bxc6 54. Kb6 Rc8 55. Rf1+ Ke7 56. Rg7+ Ke6 57. Rg6+ Ke5 58. Rg5+ Ke4 59. Re1
Rb3+ 60. Kc5 Rb5+ 0-1

[Event "VI Festival A"]
[Site "Trieste ITA"]
[Date "2004.09.08"]
[Round "5"]
[White "Pasquotto, Mirko"]
[Black "Devetak, Robert"]
[Result "1-0"]
[WhiteElo "1778"]
[BlackElo "1488"]
[PlyCount "69"]
[EventDate "2004.09.04"]

1. e4 d6 2. d4 g6 3. Nf3 Bg7 4. c4 Nf6 5. Nc3 O-O 6. Be2 Nbd7 7. O-O c5 8. d5
Nb6 9. h3 a6 10. Bg5 h6 11. Be3 Ne8 12. Qd2 Kh7 13. Ne1 f5 14. Rc1 Nf6 15. Bd3
fxe4 16. Nxe4 Nxe4 17. Bxe4 Bf5 18. Bxf5 Rxf5 19. Nd3 Qd7 20. Nf4 Qa4 21. b3
Qb4 22. Qc2 Rf6 23. Bd2 Qa3 24. Ne6 Nd7 25. Nxg7 Kxg7 26. Bc3 b5 27. Bxf6+ exf6
28. Rfe1 Ne5 29. f4 Nf7 30. Re6 b4 31. Rce1 a5 32. Qb1 a4 33. Qa1 axb3 34.
Qxf6+ Kf8 35. Re7 1-0

[Event "VI Festival A"]
[Site "Trieste ITA"]
[Date "2004.09.08"]
[Round "5"]
[White "Plani, Andrea"]
[Black "Padjen, Zdenko"]
[Result "1/2-1/2"]
[WhiteElo "1706"]
[BlackElo "2099"]
[PlyCount "47"]
[EventDate "2004.09.04"]

1. Nf3 d6 2. c4 f5 3. Nc3 Nf6 4. d3 e5 5. g3 Be7 6. Bg2 O-O 7. Qb3 Kh8 8. Ng5
c6 9. f4 exf4 10. Bxf4 Nh5 11. h4 h6 12. Nh3 Nd7 13. O-O-O Ndf6 14. e4 Qb6 15.
Qc2 Nxf4 16. Nxf4 Qe3+ 17. Qd2 Qxd2+ 18. Rxd2 Kh7 19. Re1 Re8 20. Rde2 Bd8 21.
b4 Bb6 22. exf5 Bxf5 23. Ne4 Nxe4 24. Bxe4 1/2-1/2

[Event "VI Festival A"]
[Site "Trieste ITA"]
[Date "2004.09.08"]
[Round "5"]
[White "Punteri, Marco"]
[Black "Drazic, Sinisa"]
[Result "0-1"]
[WhiteElo "2051"]
[BlackElo "2461"]
[PlyCount "96"]
[EventDate "2004.09.04"]

1. d4 b5 2. e4 Bb7 3. Bd3 e6 4. Nf3 c5 5. c3 a6 6. O-O Nf6 7. Re1 d5 8. e5 Ne4
9. Nbd2 Nxd2 10. Qxd2 c4 11. Bc2 h6 12. Qf4 Nc6 13. Bd2 Qd7 14. b3 O-O-O 15. a4
g5 16. Qg3 b4 17. a5 Kb8 18. Ra4 Na7 19. cxb4 c3 20. Be3 Bc6 21. Rb1 Bb5 22.
Ne1 Nc6 23. Nd3 Bxd3 24. Bxd3 Nxb4 25. Bf1 Rc8 26. Rc1 Ka7 27. Qf3 Rg8 28. Qe2
Rc6 29. f3 Be7 30. Bf2 Rgc8 31. Be1 Qb7 32. Qe3 R8c7 33. Be2 Qc8 34. Bf1 Qb7
35. Be2 Qb8 36. Bf1 h5 37. Be2 Qc8 38. Bf1 Kb7 39. Qe2 Ka7 40. Qe3 Kb8 41. Qe2
Qg8 42. Qe3 Qg6 43. Qe2 Qg8 44. Qe3 g4 45. f4 Qg6 46. Rxc3 Nc2 47. Rxc2 Qxc2
48. Ra1 Rb7 0-1

[Event "VI Festival A"]
[Site "Trieste ITA"]
[Date "2004.09.08"]
[Round "5"]
[White "Stantic, Severino"]
[Black "Boldrin, Marco"]
[Result "1-0"]
[WhiteElo "2100"]
[BlackElo "1877"]
[PlyCount "67"]
[EventDate "2004.09.04"]

1. c4 g6 2. Nc3 Bg7 3. f4 Nc6 4. Nf3 e6 5. e4 Nge7 6. d4 d5 7. e5 b6 8. cxd5
exd5 9. Bb5 O-O 10. O-O a6 11. Bd3 Nb4 12. Bb1 c5 13. Be3 Nf5 14. Bf2 cxd4 15.
Nxd4 Nxd4 16. Qxd4 Nc6 17. Qxd5 Qxd5 18. Nxd5 Rb8 19. Be4 Be6 20. Nxb6 Ne7 21.
Bc5 Rfe8 22. a4 f6 23. a5 fxe5 24. Bd6 Rbd8 25. fxe5 Nf5 26. Bc6 Nxd6 27. exd6
Rf8 28. Rxf8+ Bxf8 29. d7 Bc5+ 30. Kh1 Bxb6 31. axb6 Kf8 32. Rd1 Ke7 33. b7 a5
34. Kg1 1-0

[Event "VI Festival A"]
[Site "Trieste ITA"]
[Date "2004.09.08"]
[Round "5"]
[White "Varini, Massimo"]
[Black "Buzzurro, Mario"]
[Result "1-0"]
[WhiteElo "2061"]
[BlackElo "1700"]
[PlyCount "101"]
[EventDate "2004.09.04"]

1. d4 d5 2. c4 Nf6 3. Nc3 e6 4. cxd5 exd5 5. Bg5 c6 6. Qc2 Na6 7. a3 Nc7 8. e3
Ne6 9. Bh4 a5 10. Bd3 Be7 11. Nge2 h5 12. f3 g5 13. Bf2 Nd7 14. e4 Nb6 15. O-O
Bf6 16. e5 Be7 17. Rad1 Bd7 18. Kh1 Rc8 19. Qd2 Na8 20. g3 Nac7 21. f4 Ng7 22.
Qc2 Bh3 23. Rfe1 Bg4 24. f5 Kf8 25. f6 Bxf6 26. exf6 Qxf6 27. Ng1 h4 28. Rd2
Nh5 29. gxh4 Bf3+ 30. Nxf3 Qxf3+ 31. Kg1 Nf4 32. Bf1 gxh4 33. Qd1 Nh3+ 34. Bxh3
Qxh3 35. Kh1 Ne6 36. Re3 Qf5 37. Rf3 Qh5 38. Be3 Ke7 39. Rdf2 Rcf8 40. Qf1 Rhg8
41. b4 axb4 42. axb4 Rg7 43. b5 Rfg8 44. Ra2 Kd6 45. bxc6 bxc6 46. Ra7 Qg6 47.
Rf6 Qxf6 48. Qxf6 c5 49. Qe7+ Kc6 50. Qd7+ Kb6 51. Na4# 1-0

[Event "VI Festival A"]
[Site "Trieste ITA"]
[Date "2004.09.08"]
[Round "5"]
[White "Zorat, Paolo"]
[Black "Laco, Giuseppe"]
[Result "1-0"]
[WhiteElo "2000"]
[BlackElo "2107"]
[PlyCount "73"]
[EventDate "2004.09.04"]

1. d4 f5 2. g3 Nf6 3. Bg2 e6 4. Nf3 c5 5. O-O Nc6 6. c4 cxd4 7. Nxd4 Ne5 8. b3
Be7 9. Bb2 Nf7 10. Nc3 O-O 11. e4 g6 12. Qe2 e5 13. Nc2 f4 14. gxf4 d6 15. f5
Nh5 16. Nd5 Bg5 17. Bc1 Bxc1 18. Raxc1 Qh4 19. Nce3 Nh6 20. Bf3 Nf4 21. Nxf4
exf4 22. Ng2 Qf6 23. c5 gxf5 24. cxd6 fxe4 25. Qxe4 Qxd6 26. Rfd1 Qf6 27. Rc7
Bf5 28. Qxf4 Rad8 29. Rxd8 Rxd8 30. Nh4 Kh8 31. h3 Qe6 32. Nxf5 Nxf5 33. Be4
Ne7 34. Kh2 h6 35. Rxb7 a5 36. Ra7 Rg8 37. Rxe7 1-0

[Event "VI Festival A"]
[Site "Trieste ITA"]
[Date "2004.09.09"]
[Round "6"]
[White "Arcion, Riccardo"]
[Black "Oblak, Mitja"]
[Result "1-0"]
[WhiteElo "1970"]
[BlackElo "1556"]
[PlyCount "97"]
[EventDate "2004.09.04"]

1. d4 d5 2. c4 c6 3. Nf3 Nf6 4. Nc3 e6 5. Bg5 Be7 6. e3 O-O 7. cxd5 exd5 8. Bd3
Bg4 9. h3 Bh5 10. Bxf6 Bxf6 11. O-O Nd7 12. Bc2 Re8 13. Qd3 Bg6 14. Qd2 Bxc2
15. Qxc2 Nf8 16. Rfe1 Ne6 17. Rad1 Qc7 18. e4 dxe4 19. Nxe4 Qf4 20. Nxf6+ Qxf6
21. d5 cxd5 22. Rxd5 Rac8 23. Qb3 Nf4 24. Rxe8+ Rxe8 25. Rd7 h5 26. Rxb7 g5 27.
Rb8 Rxb8 28. Qxb8+ Kg7 29. Qe5 Nd3 30. Qxg5+ Qxg5 31. Nxg5 Nxb2 32. Ne4 a5 33.
Nc3 Kf6 34. Kf1 Ke5 35. Ke2 Kd4 36. Kd2 Nd3 37. Ne2+ Kc4 38. f3 a4 39. g4 hxg4
40. fxg4 Nf2 41. Nf4 Kb4 42. Nd3+ Nxd3 43. Kxd3 Ka3 44. h4 Kxa2 45. Kc2 a3 46.
h5 Ka1 47. h6 a2 48. h7 f6 49. g5 1-0

[Event "VI Festival A"]
[Site "Trieste ITA"]
[Date "2004.09.09"]
[Round "6"]
[White "Buzzurro, Mario"]
[Black "Padovani, Alessio"]
[Result "0-1"]
[WhiteElo "1700"]
[BlackElo "1912"]
[PlyCount "92"]
[EventDate "2004.09.04"]

1. d4 f5 2. Nf3 e6 3. e3 Nf6 4. c3 d5 5. Bd3 c5 6. Nbd2 Bd6 7. Bb1 Nc6 8. O-O
e5 9. dxe5 Nxe5 10. Nxe5 Bxe5 11. Nf3 Bd6 12. a3 b6 13. b4 O-O 14. Bb2 c4 15.
Bc2 Bc7 16. Qd2 Be6 17. h3 Qd6 18. Rfe1 Ne4 19. Qd4 Rf6 20. Kf1 Rg6 21. Nh4 Rh6
22. Nf3 Rf8 23. b5 Rg6 24. a4 Nxf2 25. Re2 Nh1 26. Ba3 Ng3+ 27. Ke1 Nxe2 28.
Bxd6 Nxd4 29. Nxd4 Bxd6 30. g4 Bd7 31. Kd2 Rh6 32. a5 Rxh3 33. axb6 Rh2+ 34.
Ne2 axb6 35. Ra7 Be6 36. gxf5 Bxf5 37. Bd1 Bd3 38. Rd7 Bc5 39. Rxd5 Rff2 40.
Rxd3 cxd3 41. Kxd3 Rh3 42. Bb3+ Kf8 43. Nd4 Bxd4 44. cxd4 Rff3 45. Be6 Rxe3+
46. Kc4 Rxe6 0-1

[Event "VI Festival A"]
[Site "Trieste ITA"]
[Date "2004.09.09"]
[Round "6"]
[White "Chiandussi, Livio"]
[Black "Devetak, Robert"]
[Result "0-1"]
[WhiteElo "1515"]
[BlackElo "1488"]
[PlyCount "138"]
[EventDate "2004.09.04"]

1. d4 Nf6 2. c4 e6 3. Nc3 d5 4. Bg5 Be7 5. Nf3 h6 6. Bf4 O-O 7. e3 b6 8. cxd5
Nxd5 9. Nxd5 exd5 10. a3 Bb7 11. Rc1 c5 12. Bd3 c4 13. Bb1 Nd7 14. O-O Re8 15.
Qc2 Nf8 16. Ne5 Bd6 17. Qf5 Qe7 18. Qg4 Bc8 19. Qh5 Bxe5 20. Bxe5 b5 21. g4 Qg5
22. Qxg5 hxg5 23. h3 f6 24. Bg3 Kf7 25. Ba2 a5 26. b3 Ba6 27. bxc4 dxc4 28. a4
Rec8 29. axb5 Bxb5 30. Rc3 Rc6 31. Rfc1 Rac8 32. Bb1 a4 33. Be4 Rb6 34. Bd5+
Ke7 35. Bxc4 Bxc4 36. Rxc4 Rxc4 37. Rxc4 Ra6 38. Rc2 Nd7 39. f3 Nb6 40. e4 a3
41. Ra2 g6 42. Be1 Ra4 43. d5 f5 44. gxf5 gxf5 45. exf5 Nxd5 46. Kf2 Kf6 47.
Kg3 Kxf5 48. Bd2 Ra8 49. Kf2 Ra4 50. Kg3 Kf6 51. Kf2 Nf4 52. Bxf4 gxf4 53. h4
Kg6 54. Kg2 Kh5 55. Kh3 Ra5 56. Kg2 Kxh4 57. Kh2 Kg5 58. Kh3 Ra4 59. Kh2 Kf5
60. Kh3 Ke5 61. Kg2 Kd4 62. Kf2 Kd3 63. Ke1 Ke3 64. Kf1 Kxf3 65. Ke1 Ke3 66.
Re2+ Kd3 67. Rd2+ Kc3 68. Kd1 a2 69. Rc2+ Kb3 0-1

[Event "VI Festival A"]
[Site "Trieste ITA"]
[Date "2004.09.09"]
[Round "6"]
[White "Costariol, Elena"]
[Black "Moratto, Davide"]
[Result "0-1"]
[WhiteElo "1554"]
[BlackElo "1759"]
[PlyCount "106"]
[EventDate "2004.09.04"]

1. e4 c5 2. Nf3 d6 3. d4 cxd4 4. Nxd4 Nf6 5. Nc3 a6 6. Bc4 e6 7. Be3 b5 8. Bb3
Be7 9. Qd2 O-O 10. O-O b4 11. Nce2 Nxe4 12. Qxb4 d5 13. Qe1 Nc5 14. Qc3 Ne4 15.
Qd3 a5 16. c3 Nc5 17. Qd1 Nxb3 18. Qxb3 a4 19. Qc2 Ba6 20. Rfe1 Qd7 21. Rac1
Rc8 22. Bf4 Nc6 23. Nxc6 Qxc6 24. Nd4 Qc4 25. a3 Bf6 26. Be5 Bxe5 27. Rxe5 Ra7
28. Rh5 g6 29. Rh3 Rac7 30. Qd2 e5 31. Nf3 f6 32. g3 g5 33. Rh6 Kg7 34. Rh5 h6
35. h4 Qg4 36. Rxg5+ hxg5 37. Kg2 d4 38. hxg5 fxg5 39. Qxg5+ Qxg5 40. Nxg5 Kg6
41. Nf3 Bb7 42. g4 Bxf3+ 43. Kxf3 dxc3 44. bxc3 Rxc3+ 45. Rxc3 Rxc3+ 46. Ke4
Kf6 47. f4 exf4 48. Kxf4 Rxa3 49. g5+ Kg6 50. Kg4 Rc3 51. Kf4 a3 52. Kg4 a2 53.
Kf4 a1=Q 0-1

[Event "VI Festival A"]
[Site "Trieste ITA"]
[Date "2004.09.09"]
[Round "6"]
[White "Drazic, Sinisa"]
[Black "Nedimovic, Ljubisa"]
[Result "1-0"]
[WhiteElo "2461"]
[BlackElo "2200"]
[PlyCount "68"]
[EventDate "2004.09.04"]

1. e4 e6 2. d3 d5 3. Nd2 Nf6 4. Ngf3 Be7 5. g3 O-O 6. Bg2 c5 7. O-O Nc6 8. e5
Ne8 9. Re1 b5 10. Nf1 a5 11. h4 b4 12. Bf4 a4 13. c4 bxc3 14. bxc3 a3 15. Ne3
Ba6 16. h5 h6 17. Rb1 Qa5 18. Qd2 Rc8 19. c4 Nc7 20. Qc1 Nb4 21. Rb3 Nxa2 22.
Qa1 Nb4 23. Rxa3 Qb6 24. Qc1 Rfd8 25. Ng4 Ne8 26. Bxh6 Bf8 27. Bg5 Rd7 28. h6
dxc4 29. hxg7 Bxg7 30. Nf6+ Nxf6 31. Bxf6 Kh7 32. Ng5+ Kg8 33. Ne4 Kh7 34. Qf4
Rd4 1-0

[Event "VI Festival A"]
[Site "Trieste ITA"]
[Date "2004.09.09"]
[Round "6"]
[White "Laco, Giuseppe"]
[Black "Boldrin, Marco"]
[Result "1-0"]
[WhiteElo "2107"]
[BlackElo "1877"]
[PlyCount "51"]
[EventDate "2004.09.04"]

1. c4 e5 2. Nc3 Nf6 3. Nf3 d6 4. d4 exd4 5. Nxd4 Be7 6. e4 O-O 7. Be2 Nbd7 8.
Nf5 Nc5 9. Nxe7+ Qxe7 10. f3 Bd7 11. O-O h6 12. b4 Ne6 13. f4 Nh7 14. Nd5 Qd8
15. f5 Neg5 16. Qd4 f6 17. h4 Nf7 18. Nf4 Re8 19. Bh5 Nf8 20. Bxf7+ Kxf7 21.
Qd5+ Ke7 22. Qg8 d5 23. c5 Qb8 24. Qxg7+ Kd8 25. Qxf6+ Kc8 26. Nxd5 1-0

[Event "VI Festival A"]
[Site "Trieste ITA"]
[Date "2004.09.09"]
[Round "6"]
[White "Padjen, Zdenko"]
[Black "Bevilacqua, Andrea"]
[Result "1/2-1/2"]
[WhiteElo "2099"]
[BlackElo "1736"]
[PlyCount "82"]
[EventDate "2004.09.04"]

1. e4 e5 2. Nf3 Nf6 3. Nxe5 d6 4. Nf3 Nxe4 5. Nc3 Nxc3 6. dxc3 Be7 7. Bf4 O-O
8. Qd2 Nc6 9. O-O-O Be6 10. Ng5 Bxg5 11. Bxg5 f6 12. Bh4 Ne5 13. f4 Nd7 14. Be2
Nc5 15. Kb1 Qd7 16. Qd4 Qa4 17. Qxa4 Nxa4 18. Bf3 Rae8 19. Rhe1 Bf7 20. Bf2 a6
21. Ka1 Re6 22. Rxe6 Bxe6 23. Bd4 b6 24. Re1 Kf7 25. g4 g6 26. g5 f5 27. Bc6
Nc5 28. Bf6 Ne4 29. Bxe4 fxe4 30. Rxe4 Re8 31. b3 Bf5 32. Rxe8 Kxe8 33. Kb2 d5
34. c4 dxc4 35. bxc4 c5 36. Kc3 Kd7 37. Bg7 a5 38. a3 Kc6 39. Bf6 a4 40. h4 Kd7
41. Kd2 Kc6 1/2-1/2

[Event "VI Festival A"]
[Site "Trieste ITA"]
[Date "2004.09.09"]
[Round "6"]
[White "Pechy, Alaster"]
[Black "Jurkovic, Hrvoje"]
[Result "0-1"]
[WhiteElo "2138"]
[BlackElo "2432"]
[PlyCount "42"]
[EventDate "2004.09.04"]

1. d4 d5 2. c4 Nc6 3. Nf3 Bg4 4. Nc3 e6 5. Bg5 Nge7 6. cxd5 exd5 7. Qa4 Qd7 8.
Bd2 g6 9. e3 Bg7 10. Be2 O-O 11. h3 Be6 12. Ng5 a6 13. Qd1 Nf5 14. Na4 Qe7 15.
Nxe6 fxe6 16. Qb3 b5 17. Nc5 Ncxd4 18. exd4 Nxd4 19. Qc3 Nxe2 20. Qe3 Nf4 21.
O-O Bd4 0-1

[Event "VI Festival A"]
[Site "Trieste ITA"]
[Date "2004.09.09"]
[Round "6"]
[White "Spinetti, Paolo"]
[Black "Plani, Andrea"]
[Result "0-1"]
[WhiteElo "2162"]
[BlackElo "1706"]
[PlyCount "92"]
[EventDate "2004.09.04"]

1. d4 Nf6 2. c4 d6 3. Nc3 g6 4. e4 Bg7 5. Bd3 Nbd7 6. Nge2 c5 7. d5 Ne5 8. f4
Nxd3+ 9. Qxd3 a6 10. O-O O-O 11. Bd2 Ng4 12. h3 Nh6 13. Rae1 f5 14. e5 dxe5 15.
fxe5 Nf7 16. e6 Ne5 17. Qc2 Nxc4 18. Bg5 h6 19. Bc1 b5 20. Nf4 g5 21. Nh5 Bd4+
22. Kh1 Bb7 23. Rxf5 Rxf5 24. Qxf5 Qe8 25. Ng3 Nd6 26. Qg4 Qg6 27. Bf4 Bxc3 28.
bxc3 Bxd5 29. Bxd6 exd6 30. a3 Re8 31. e7 Bc6 32. Re6 Qb1+ 33. Kh2 Qa2 34. Re2
Qf7 35. Nf5 Qg6 36. Re3 h5 37. Nh4 Qg7 38. Qxh5 gxh4 39. Qe2 Qf6 40. Re6 Qf4+
41. Kg1 Qc1+ 42. Kh2 Qf4+ 43. Kg1 Bd7 44. Rg6+ Kf7 45. Qh5 Kxe7 46. Qh7+ Kd8
0-1

[Event "VI Festival A"]
[Site "Trieste ITA"]
[Date "2004.09.09"]
[Round "6"]
[White "Stantic, Severino"]
[Black "Battisti, Eugenio"]
[Result "1-0"]
[WhiteElo "2100"]
[BlackElo "2000"]
[PlyCount "88"]
[EventDate "2004.09.04"]

1. c4 f5 2. b3 e5 3. Bb2 Nc6 4. g3 Nf6 5. Bg2 Bc5 6. e3 Qe7 7. a3 a5 8. Ne2 O-O
9. Nbc3 d6 10. Nd5 Nxd5 11. cxd5 Nb8 12. d4 Bb6 13. dxe5 dxe5 14. O-O Na6 15.
Qd2 Re8 16. Rfc1 Nc5 17. Rc3 a4 18. Nc1 axb3 19. Nxb3 Na4 20. Rcc1 Nxb2 21.
Qxb2 f4 22. exf4 exf4 23. Nd4 Qf6 24. Qb5 Bd7 25. Qxd7 Bxd4 26. Re1 Red8 27.
Qe6+ Qxe6 28. dxe6 Bxa1 29. Rxa1 fxg3 30. hxg3 c6 31. Rb1 Ra7 32. Rb4 Rd1+ 33.
Kh2 Re1 34. Bh3 b5 35. Rd4 g6 36. Bg4 Kg7 37. Rd7+ Kf6 38. Rxa7 h5 39. Rf7+ Kg5
40. Bh3 Re2 41. Kg1 Re1+ 42. Kg2 c5 43. e7 b4 44. axb4 cxb4 1-0

[Event "VI Festival A"]
[Site "Trieste ITA"]
[Date "2004.09.09"]
[Round "6"]
[White "Tonel, Giulia"]
[Black "Grudina, Marco"]
[Result "1/2-1/2"]
[WhiteElo "1670"]
[BlackElo "1769"]
[PlyCount "153"]
[EventDate "2004.09.04"]

1. e4 e5 2. Nf3 Nc6 3. Bc4 Bc5 4. c3 Nf6 5. d3 h6 6. Nbd2 d6 7. O-O O-O 8. h3
a6 9. Bb3 Qe7 10. Nc4 b5 11. Ne3 Be6 12. Qe2 Nh5 13. Nd5 Bxd5 14. Bxd5 Ng3 15.
Qd1 Nxf1 16. Bxc6 Ng3 17. Bxa8 Rxa8 18. d4 exd4 19. cxd4 Nxe4 20. dxc5 Nxc5 21.
Be3 Ne6 22. Qd5 Qe8 23. Re1 Qd8 24. Bd2 Rc8 25. Ba5 Kh8 26. Qc6 Ra8 27. Rd1 Qe8
28. Qc2 Rc8 29. Qe2 Qf8 30. a4 bxa4 31. Qxa6 Ra8 32. Qb5 Qb8 33. Qxb8+ Rxb8 34.
Bc3 Ra8 35. Bb4 Rb8 36. Ba3 Nf4 37. Kh2 Ne6 38. Ne1 Rb5 39. Nc2 Kg8 40. Ne3 g6
41. Nd5 Kg7 42. Nc3 Ra5 43. Bb4 Ra8 44. Ba3 Ra5 45. g3 f6 46. Kg2 Kf7 47. Ra1
c5 48. Rd1 Nd4 49. Nd5 Ra7 50. Ne3 Nb5 51. Nc4 Ra6 52. Rd2 Nxa3 53. bxa3 Ke7
54. Kf1 Ke6 55. Ne3 Rb6 56. Rd3 f5 57. Ke2 Rb3 58. Rd2 Rb6 59. Rd3 g5 60. f4
Rb3 61. Rd2 gxf4 62. gxf4 Rxa3 63. Nc4 Rxh3 64. Rxd6+ Ke7 65. Ra6 a3 66. Nxa3
h5 67. Nc4 h4 68. Ra5 Rg3 69. Rxc5 Ke6 70. Re5+ Kf6 71. Ne3 h3 72. Rxf5+ Kg6
73. Rg5+ Rxg5 74. fxg5 Kxg5 75. Nf1 Kg4 76. Kf2 Kf4 77. Nh2 1/2-1/2

[Event "VI Festival A"]
[Site "Trieste ITA"]
[Date "2004.09.09"]
[Round "6"]
[White "Toth, Andras"]
[Black "De Poi, Paolo"]
[Result "0-1"]
[WhiteElo "2082"]
[BlackElo "2223"]
[PlyCount "62"]
[EventDate "2004.09.04"]

1. c4 e5 2. Nc3 Nc6 3. g3 g6 4. Bg2 Bg7 5. Nf3 d6 6. d3 Nge7 7. Rb1 O-O 8. O-O
h6 9. b4 a6 10. a4 Nd4 11. Nd2 c6 12. b5 axb5 13. axb5 d5 14. cxd5 cxd5 15. e3
Ne6 16. Qc2 Ng5 17. h4 Nh7 18. b6 Ra6 19. Na4 Nf6 20. Qb3 Nc6 21. Ba3 Re8 22.
Rfc1 Na5 23. Qc2 Nc6 24. Qb3 Na5 25. Qb2 Ng4 26. Rc7 e4 27. Qb5 d4 28. Rbc1 Nc6
29. Nxe4 dxe3 30. Nd6 exf2+ 31. Kf1 Nh2+ 0-1

[Event "VI Festival A"]
[Site "Trieste ITA"]
[Date "2004.09.09"]
[Round "6"]
[White "Videki, Sandor"]
[Black "Golubovic, Boris"]
[Result "1/2-1/2"]
[WhiteElo "2409"]
[BlackElo "2428"]
[PlyCount "22"]
[EventDate "2004.09.04"]

1. e4 c5 2. Nf3 Nc6 3. Bb5 g6 4. O-O Bg7 5. Re1 Nf6 6. e5 Nd5 7. Nc3 Qc7 8.
Bxc6 dxc6 9. Ne4 b6 10. d3 O-O 11. h3 h6 1/2-1/2

[Event "VI Festival A"]
[Site "Trieste ITA"]
[Date "2004.09.09"]
[Round "6"]
[White "Zorat, Paolo"]
[Black "Varini, Massimo"]
[Result "0-1"]
[WhiteElo "2000"]
[BlackElo "2061"]
[PlyCount "114"]
[EventDate "2004.09.04"]

1. d4 Nf6 2. c4 g6 3. Nc3 Bg7 4. e4 d6 5. Be2 O-O 6. Bg5 Na6 7. Qd2 e5 8. d5
Qe8 9. Bd3 Nc5 10. Bc2 a5 11. Nge2 Bd7 12. f3 h5 13. Be3 Nh7 14. O-O-O f5 15.
exf5 gxf5 16. Kb1 b5 17. Bxc5 b4 18. Be3 bxc3 19. Nxc3 Rb8 20. c5 Bb5 21. g3
Ba6 22. f4 e4 23. c6 Rb4 24. a3 Rc4 25. Bb3 Qb8 26. Bxc4 Bxc4 27. Ne2 Qb5 28.
Nd4 Qxd5 29. Qc3 Rb8 30. b4 axb4 31. axb4 Nf6 32. h3 Qc5 33. Nc2 Qxc6 34. Rd4
d5 35. Rhd1 Qa6 36. Rxc4 dxc4 37. Rd4 c5 38. Qxc4+ Qxc4 39. Rxc4 cxb4 40. Rxb4
Rxb4+ 41. Nxb4 Kf7 42. Kc1 Bf8 43. Nc2 Nd5 44. Bd4 h4 45. Bf2 hxg3 46. Bxg3 Bh6
47. Nd4 Nxf4 48. Kd1 Kg6 49. h4 Nd5 50. Ke2 f4 51. Be1 Bg7 52. Ne6 Bf6 53. Nc5
Kf5 54. h5 f3+ 55. Kf1 e3 56. h6 Bd4 57. Nd3 e2# 0-1

[Event "VI Festival A"]
[Site "Trieste ITA"]
[Date "2004.09.10"]
[Round "7"]
[White "Battisti, Eugenio"]
[Black "Tonel, Giulia"]
[Result "1-0"]
[WhiteElo "2000"]
[BlackElo "1670"]
[PlyCount "92"]
[EventDate "2004.09.04"]

1. e4 e5 2. Nf3 Nc6 3. Bb5 a6 4. Ba4 Nf6 5. d3 b5 6. Bb3 Be7 7. a4 Bb7 8. Nc3
b4 9. Nd5 a5 10. O-O d6 11. c3 O-O 12. Ne3 Rb8 13. g4 Nd7 14. Nf5 Nc5 15. Bc2
Ba6 16. Re1 Re8 17. d4 Nd7 18. Qd2 Bf8 19. Kh1 bxc3 20. bxc3 Bc4 21. Ne3 Ba6
22. d5 Ne7 23. c4 c6 24. Ba3 c5 25. Qc3 Ng6 26. Ng2 Qc7 27. Nd2 Be7 28. Nb3 Bd8
29. Reb1 Nf6 30. h3 Bc8 31. f3 Bd7 32. Nd2 Be7 33. Rf1 Rec8 34. f4 exf4 35. Nf3
Nxg4 36. hxg4 Bf6 37. e5 Nxe5 38. g5 Nxf3 39. gxf6 Ne5 40. Rxf4 Re8 41. Rh4 Ng6
42. Qg3 Re2 43. Bd3 Ree8 44. Rf1 Rb3 45. Rxh7 gxf6 46. Rxf7 Rxa3 1-0

[Event "VI Festival A"]
[Site "Trieste ITA"]
[Date "2004.09.10"]
[Round "7"]
[White "Bednarich, Jan"]
[Black "Laco, Giuseppe"]
[Result "1-0"]
[WhiteElo "2198"]
[BlackElo "2107"]
[PlyCount "89"]
[EventDate "2004.09.04"]

1. d4 e6 2. c4 b6 3. Nf3 Bb7 4. g3 Bxf3 5. exf3 d5 6. Bg2 Nf6 7. Nc3 c6 8. b3
b5 9. O-O a6 10. f4 Be7 11. Be3 O-O 12. Qc2 g6 13. c5 a5 14. h3 Ne8 15. Ne2 h5
16. Kh2 Ng7 17. g4 Qc7 18. Bf3 hxg4 19. hxg4 f5 20. Rg1 Kf7 21. g5 Nd7 22. Kg2
Rh8 23. Rh1 Rag8 24. Bd2 Nh5 25. Rae1 Bd8 26. Rh4 Ng7 27. Reh1 Rxh4 28. Rxh4
Qb8 29. Qd3 Bc7 30. a4 b4 31. Nc1 Qc8 32. Be2 Rh8 33. Rxh8 Qxh8 34. Qa6 Nb8 35.
Qb7 Ne8 36. Nd3 Kf8 37. Ne5 Qg7 38. Nxc6 Bxf4 39. Qxg7+ Nxg7 40. Bxf4 Nxc6 41.
Bb5 e5 42. Bxc6 exf4 43. Bxd5 Ke7 44. Kf3 Nh5 45. Bg8 1-0

[Event "VI Festival A"]
[Site "Trieste ITA"]
[Date "2004.09.10"]
[Round "7"]
[White "Bevilacqua, Andrea"]
[Black "Zorat, Paolo"]
[Result "1-0"]
[WhiteElo "1736"]
[BlackElo "2000"]
[PlyCount "137"]
[EventDate "2004.09.04"]

1. e4 e5 2. Nf3 Nc6 3. Bb5 a6 4. Ba4 Nf6 5. O-O b5 6. Bb3 Be7 7. Re1 O-O 8. c3
d6 9. h3 Re8 10. d3 Na5 11. Bc2 c5 12. Nbd2 Nc6 13. Nf1 d5 14. Ng3 d4 15. Qe2
Bf8 16. Nh4 g6 17. Bd2 Bb7 18. Nf3 Qd6 19. cxd4 cxd4 20. a3 a5 21. Bb3 Rac8 22.
Rec1 Rc7 23. Qe1 Ra8 24. Nh2 Bc8 25. Ne2 Raa7 26. Rc2 Bd7 27. g4 h6 28. Ng3 Rc8
29. f3 Be6 30. Bxe6 Qxe6 31. Rac1 b4 32. axb4 axb4 33. Ra1 Rca8 34. Rxa7 Rxa7
35. h4 Nd7 36. Qc1 Ra6 37. Bxh6 b3 38. Rg2 Kh7 39. Bxf8 Nxf8 40. h5 Nb4 41. Qd2
Ra1+ 42. Nhf1 Nc2 43. hxg6+ Qxg6 44. Rh2+ Kg8 45. Nf5 Ne3 46. N5xe3 dxe3 47.
Qxe3 Ne6 48. Qb6 Qg5 49. Qb8+ Nf8 50. Qxb3 Qe3+ 51. Rf2 Ng6 52. Qc2 Nf4 53. Kh2
Qb6 54. Kg3 Re1 55. Qd2 Rb1 56. d4 f6 57. Qc2 Re1 58. Qc8+ Kg7 59. Qd7+ Kf8 60.
Rc2 Ne2+ 61. Kh4 Qa6 62. Rc8+ Qxc8 63. Qxc8+ Kg7 64. Qd7+ Kg6 65. Ng3 Nf4 66.
Qe8+ Kh7 67. Qf7+ Kh8 68. Qxf6+ Kg8 69. dxe5 1-0